000
00306nam a22001337a 4500
008
170512b xxu||||| |||| 00| 0 eng d
020
_a
9780801854255
041
_a
eng
080
_a
84
100
_a
16
101
_a
shh
245
_a
AMERICAN RESEARSH UNIVERSITITY
_c
GARAHAM.H.D
942
_2
udc
_c
BK
999
_c
13275
_d
13275